Ginger : The genus zingiber
Gorde:
| Formatua: | Liburua |
|---|---|
| Hizkuntza: | Undetermined |
| Argitaratua: |
Boca Raton, FL.
CRC Press
|
| Gaiak: | |
| Etiketak: |
Etiketa erantsi
Etiketarik gabe, Izan zaitez lehena erregistro honi etiketa jartzen!
|
| Thư viện lưu trữ: | Trung tâm Học liệu Trường Đại học Cần Thơ |
|---|
| LEADER | 00475nam a2200181Ia 4500 | ||
|---|---|---|---|
| 001 | CTU_117531 | ||
| 008 | 210402s9999 xx 000 0 und d | ||
| 020 | |c 145.29 | ||
| 082 | |a 633.83 | ||
| 082 | |b G492 | ||
| 245 | 0 | |a Ginger : | |
| 245 | 4 | |b The genus zingiber | |
| 245 | 0 | |c Edited by P. N. Ravindran and K. Nirmal Babu | |
| 260 | |a Boca Raton, FL. | ||
| 260 | |b CRC Press | ||
| 650 | |a Ginger | ||
| 904 | |i Minh | ||
| 980 | |a Trung tâm Học liệu Trường Đại học Cần Thơ | ||